[Event "Open Integrale Autunno"]
[Site "Milano ITA"]
[Date "2015.10.06"]
[Round "7"]
[White "Mina, N. Mina"]
[Black "Mei, Gianluca"]
[WhiteElo "2166"]
[BlackElo "1843"]
[Result "1/2-1/2"]
[PlyCount "93"]
[EventDate "2015.09.15"]

1. e4 e6 2. d3 d5 3. Nd2 Nf6 4. Ngf3 c5 5. g3 Nc6 6. Bg2 Be7 7. O-O O-O 8. e5
Nd7 9. Re1 b5 10. Nf1 a5 11. h4 a4 12. Bf4 Ba6 13. Ng5 b4 14. a3 bxa3 15. bxa3
Rb8 16. c4 h6 17. Nxe6 fxe6 18. cxd5 Ncxe5 19. dxe6 Nxd3 20. exd7 Nxf4 21. gxf4
Bxh4 22. Qg4 Qf6 23. f5 Qd4 24. Ne3 Rb2 25. Bd5+ Kh8 26. Qxd4 Bxf2+ 27. Kh1
cxd4 28. Nd1 Bxe1 29. Nxb2 Bc3 30. Rb1 Bb5 31. Be6 Rd8 32. Nc4 Bxd7 33. Ne5
Bxe6 34. fxe6 Re8 35. e7 d3 36. Nxd3 Rxe7 37. Rb8+ Kh7 38. Nc5 Re1+ 39. Kg2 Ra1
40. Nxa4 Rxa3 41. Nc5 Be5 42. Re8 Bd6 43. Ne4 Bb4 44. Rb8 Be1 45. Rb7 h5 46.
Nf6+ Kg6 47. Nxh5 1/2-1/2

[Event "Open Integrale Autunno"]
[Site "Milano ITA"]
[Date "2015.10.06"]
[Round "7"]
[White "Mingolla, Patrizio"]
[Black "Di Paola, Antonio"]
[WhiteElo "1641"]
[BlackElo "1699"]
[Result "0-1"]
[PlyCount "126"]
[EventDate "2015.09.15"]

1. e4 c6 2. d4 d5 3. Nd2 dxe4 4. Nxe4 Nd7 5. Nf3 Ngf6 6. Bd3 Nxe4 7. Bxe4 Nf6
8. Bd3 Bg4 9. c3 e6 10. h3 Bxf3 11. Qxf3 Qc7 12. Bg5 Be7 13. O-O O-O 14. Rfe1
c5 15. Bf4 Bd6 16. Bxd6 Qxd6 17. dxc5 Qxc5 18. Rad1 Rfd8 19. Qxb7 Rdb8 20. Qf3
Qa5 21. a3 Qb6 22. b4 Rc8 23. c4 Qa6 24. Re5 Rd8 25. c5 Qa4 26. Rc1 Rac8 27.
Bc2 Qa6 28. a4 Nd5 29. Qb3 Qb7 30. b5 Qc7 31. Re4 Qxc5 32. Rc4 Qf8 33. a5 g6
34. Ra1 Rxc4 35. Qxc4 Rc8 36. Qa4 Qc5 37. Bd1 Nc3 38. Qb3 Nxb5 39. a6 Nc3 40.
Bf3 Nd5 41. Qb7 Rc7 42. Qb8+ Kg7 43. Qd8 Qc3 44. Rd1 Qc2 45. Rd4 Qc3 46. Rd1
Qc2 47. Rd4 Qc3 48. Bxd5 Qe1+ 49. Kh2 Qe5+ 50. g3 Qxd4 51. Qxc7 exd5 52. Kg2
Qe4+ 53. Kg1 Qe1+ 54. Kg2 Qe4+ 55. Kg1 Qd4 56. Kg2 Qe4+ 57. Kg1 d4 58. Qxa7 d3
59. Qb7 Qe1+ 60. Kg2 d2 61. Qb2+ Kh6 62. Kf3 d1=Q+ 63. Kf4 Qdd2+ 0-1

[Event "Open Integrale Autunno"]
[Site "Milano ITA"]
[Date "2015.10.06"]
[Round "7"]
[White "Pasini, Nicolo'"]
[Black "Ciciotti, Augusto"]
[WhiteElo "1862"]
[BlackElo "1846"]
[Result "1-0"]
[PlyCount "95"]
[EventDate "2015.09.15"]

1. e4 c5 2. Nf3 d6 3. d4 cxd4 4. Nxd4 Nf6 5. Nc3 a6 6. Bc4 e6 7. Bb3 Be7 8. Be3
Qc7 9. Qe2 Nbd7 10. Bxe6 O-O 11. Bb3 b5 12. Nd5 Nxd5 13. Bxd5 Rb8 14. Nc6 Nb6
15. Nxb8 Qxb8 16. Bb3 Bd7 17. O-O a5 18. Rad1 a4 19. Bd5 Nxd5 20. Rxd5 Bc6 21.
Rd4 Qb7 22. f3 d5 23. e5 b4 24. Rfd1 b3 25. axb3 axb3 26. c3 Bb5 27. Qf2 Bc4
28. Rg4 Ra8 29. Bc5 h5 30. Rf4 g6 31. Bxe7 Qxe7 32. Re1 Ra6 33. Rd4 Qg5 34. g4
Re6 35. h4 Qe7 36. Qg3 Kh7 37. f4 f5 38. g5 Ra6 39. Rdd1 Kg7 40. Qe3 Qe6 41.
Ra1 Ra2 42. Rxa2 bxa2 43. Qa7+ Kg8 44. Qb8+ Kg7 45. Qd6 Kf7 46. Qxe6+ Kxe6 47.
Kf2 Bd3 48. Ra1 1-0

[Event "Open Integrale Autunno"]
[Site "Milano ITA"]
[Date "2015.10.06"]
[Round "7"]
[White "Pelizzola, Danilo"]
[Black "Alidosi, Marco"]
[WhiteElo "2041"]
[BlackElo "1759"]
[Result "1-0"]
[PlyCount "57"]
[EventDate "2015.09.15"]

1. e4 e6 2. d4 d5 3. exd5 exd5 4. Bd3 Bd6 5. Nf3 Bg4 6. O-O Ne7 7. Re1 Qd7 8.
Nbd2 O-O 9. c3 Bf5 10. Bf1 a5 11. Ne5 Qc8 12. Ndf3 Na6 13. Be3 c6 14. Qd2 f6
15. Nd3 Qd7 16. Bf4 Bxf4 17. Nxf4 b5 18. a3 Rae8 19. a4 Be4 20. axb5 Nc7 21.
Be2 Nxb5 22. Rxa5 Nc8 23. Raa1 Ncd6 24. b3 Rb8 25. Nd3 Rfe8 26. Nc5 Qf7 27. h3
Nb7 28. Nxe4 dxe4 29. Bc4 1-0

[Event "Open Integrale Autunno"]
[Site "Milano ITA"]
[Date "2015.10.06"]
[Round "7"]
[White "Ramirez Rivera, Elias Antonio"]
[Black "La Fontana, Stefano"]
[WhiteElo "1704"]
[BlackElo "1655"]
[Result "1/2-1/2"]
[PlyCount "97"]
[EventDate "2015.09.15"]

1. e4 c5 2. d4 cxd4 3. c3 e5 4. cxd4 exd4 5. Qxd4 Nc6 6. Qe3 Bb4+ 7. Nc3 Nge7
8. Bc4 O-O 9. Nge2 d5 10. exd5 Nxd5 11. Bxd5 Qxd5 12. O-O Qe5 13. Qxe5 Nxe5 14.
Nd5 Ba5 15. b4 Bd8 16. Rd1 Nc4 17. Be3 Be6 18. Rac1 Rc8 19. Rd4 Bf6 20. Nxf6+
gxf6 21. Bh6 Rfd8 22. Rxd8+ Rxd8 23. Nf4 Ne5 24. h3 Nc6 25. a3 a6 26. Nh5 f5
27. Rc3 Ne5 28. Rc7 b5 29. Ra7 Bc8 30. Kh2 Nd7 31. Rc7 f6 32. Rc6 Kf7 33. Be3
Kg6 34. Nf4+ Kf7 35. Nd5 Bb7 36. Rd6 Bxd5 37. Rxd5 Ke6 38. Rd2 Rc8 39. Re2 Kf7
40. Rd2 Ke6 41. Rd4 Rc4 42. Rd3 Ne5 43. Rd8 Rc3 44. Rh8 Rxa3 45. Rxh7 Nd3 46.
Rb7 Nxb4 47. h4 Nd5 48. Bc5 Ra2 49. g3 1/2-1/2

[Event "Open Integrale Autunno"]
[Site "Milano ITA"]
[Date "2015.10.06"]
[Round "7"]
[White "Tassini, Marco"]
[Black "Spada, Maurizio"]
[WhiteElo "1813"]
[BlackElo "1611"]
[Result "1-0"]
[PlyCount "51"]
[EventDate "2015.09.15"]

1. b3 e5 2. Bb2 f6 3. d4 Nc6 4. d5 Nb4 5. a3 Na6 6. e3 Ne7 7. c4 c5 8. Bd3 g6
9. f4 d6 10. Nf3 Bf5 11. fxe5 dxe5 12. Nc3 Bxd3 13. Qxd3 Nf5 14. O-O Be7 15.
Ne4 Nd6 16. Ng3 O-O 17. h4 Qe8 18. e4 f5 19. Ng5 f4 20. Ne6 fxg3 21. Rxf8+ Bxf8
22. Qxg3 Nf7 23. h5 g5 24. Nxg5 Nxg5 25. Qxg5+ Kf7 26. Rf1# 1-0

[Event "Open Integrale Autunno"]
[Site "Milano ITA"]
[Date "2015.10.08"]
[Round "8"]
[White "Alidosi, Marco"]
[Black "Ramirez Rivera, Elias Antonio"]
[WhiteElo "1759"]
[BlackElo "1704"]
[Result "1/2-1/2"]
[PlyCount "68"]
[EventDate "2015.09.15"]

1. d4 f5 2. h3 d5 3. Bf4 Nf6 4. Nf3 e6 5. Nbd2 Bd6 6. Bxd6 Qxd6 7. e3 O-O 8.
Be2 Nbd7 9. O-O Ne4 10. c4 c6 11. Rc1 Kh8 12. Nxe4 fxe4 13. Nh2 Nf6 14. Ng4
Nxg4 15. Bxg4 Bd7 16. f4 exf3 17. Bxf3 Be8 18. Qd2 Bg6 19. c5 Qe7 20. Be2 e5
21. b4 Qg5 22. Rxf8+ Rxf8 23. Rf1 Kg8 24. Rxf8+ Kxf8 25. a4 Be4 26. Bf1 Qf6 27.
Qf2 Ke7 28. Qxf6+ Kxf6 29. Be2 exd4 30. exd4 Bc2 31. a5 a6 32. Kf2 Be4 33. g3
Bf5 34. h4 h6 1/2-1/2

[Event "Open Integrale Autunno"]
[Site "Milano ITA"]
[Date "2015.10.08"]
[Round "8"]
[White "Bracci, Andrea"]
[Black "Del Frate, Walter"]
[WhiteElo "1918"]
[BlackElo "1461"]
[Result "1-0"]
[PlyCount "45"]
[EventDate "2015.09.15"]

1. e4 e6 2. d4 d5 3. Nd2 Nf6 4. e5 Nfd7 5. Bd3 c5 6. c3 Nc6 7. Ngf3 cxd4 8.
cxd4 Qb6 9. O-O Nxd4 10. Nxd4 Qxd4 11. Nf3 Qb6 12. Qa4 a6 13. Qg4 Qb4 14. Qg3
f6 15. Qh3 Nxe5 16. Nxe5 fxe5 17. Qh5+ Kd7 18. Qxe5 Qd6 19. Qg5 Qe7 20. Qg4 Qf7
21. Qa4+ Kc7 22. Bf4+ Bd6 23. Rac1+ 1-0

[Event "Open Integrale Autunno"]
[Site "Milano ITA"]
[Date "2015.10.08"]
[Round "8"]
[White "Brisotto, Stefano"]
[Black "Bonghi, Fabrizio"]
[WhiteElo "1465"]
[BlackElo "1471"]
[Result "1-0"]
[PlyCount "59"]
[EventDate "2015.09.15"]

1. e4 e5 2. Nf3 Nc6 3. Bb5 d6 4. d4 exd4 5. Qxd4 Bd7 6. Bxc6 Bxc6 7. Nc3 Nf6 8.
Be3 Be7 9. O-O-O Qd7 10. Kb1 b6 11. h3 h6 12. e5 dxe5 13. Qxd7+ Nxd7 14. Rhg1
Bxf3 15. gxf3 g6 16. Nd5 Bd6 17. f4 exf4 18. Bxf4 Bxf4 19. Rge1+ Kd8 20. Nxf4
Kc8 21. Re7 Nc5 22. Rxf7 g5 23. Ng6 Re8 24. Ne7+ Kb7 25. b4 Ne4 26. Nd5 Rac8
27. Ne7 Nc3+ 28. Kc1 Nxd1 29. Nxc8 Nxf2 30. Nd6+ 1-0

[Event "Open Integrale Autunno"]
[Site "Milano ITA"]
[Date "2015.10.08"]
[Round "8"]
[White "Ciciotti, Augusto"]
[Black "La Fontana, Stefano"]
[WhiteElo "1846"]
[BlackElo "1650"]
[Result "0-1"]
[PlyCount "52"]
[EventDate "2015.09.15"]

1. d4 Nf6 2. Nf3 g6 3. c4 Bg7 4. Nc3 d5 5. Qb3 dxc4 6. Qxc4 Be6 7. Qb5+ Bd7 8.
Qxb7 Nc6 9. Qb3 Rb8 10. Qd1 Bf5 11. a3 O-O 12. e3 Na5 13. b4 Nb7 14. Ne5 Qd6
15. Be2 a5 16. b5 Nc5 17. Nc6 Nce4 18. Bb2 Nxc3 19. Bxc3 Be4 20. Nxb8 Bxg2 21.
Rg1 Qxh2 22. Rxg2 Qxg2 23. Nc6 Ne4 24. Qc2 Qxf2+ 25. Kd1 Qxe3 26. Bb2 Qg1+ 0-1

[Event "Open Integrale Autunno"]
[Site "Milano ITA"]
[Date "2015.10.08"]
[Round "8"]
[White "Di Paola, Antonio"]
[Black "Colica, Daniele"]
[WhiteElo "1699"]
[BlackElo "1660"]
[Result "1-0"]
[PlyCount "79"]
[EventDate "2015.09.15"]

1. d4 Nf6 2. c4 e6 3. Nf3 Bb4+ 4. Bd2 Qe7 5. g3 Nc6 6. Bg2 Bxd2+ 7. Nbxd2 d6 8.
O-O O-O 9. e4 e5 10. d5 Nd8 11. Ne1 Bg4 12. f3 Bh5 13. b4 Nd7 14. Nd3 f5 15.
exf5 Nf6 16. g4 Be8 17. Ne4 Nf7 18. Re1 c6 19. dxc6 bxc6 20. f4 Nxe4 21. Rxe4
d5 22. cxd5 cxd5 23. Re1 e4 24. Nc5 Bc6 25. Qd4 Nh6 26. h3 Qf6 27. Qxf6 gxf6
28. Rac1 Rac8 29. Ne6 Rfe8 30. Bf1 Kf7 31. Ba6 Bd7 32. Bxc8 Bxc8 33. Rc7+ Kg8
34. Rec1 Bxe6 35. fxe6 Rxe6 36. Rc8+ Kg7 37. R1c7+ Nf7 38. Rxa7 f5 39. Rcc7
fxg4 40. Rxf7+ 1-0

[Event "Open Integrale Autunno"]
[Site "Milano ITA"]
[Date "2015.10.08"]
[Round "8"]
[White "Maccari, Piergiuseppe"]
[Black "Tassini, Marco"]
[WhiteElo "1831"]
[BlackElo "1813"]
[Result "1-0"]
[PlyCount "109"]
[EventDate "2015.09.15"]

1. Nf3 d5 2. g3 Bg4 3. Bg2 Nc6 4. d4 f6 5. c4 e5 6. cxd5 Bxf3 7. Bxf3 Nxd4 8.
O-O Bd6 9. Bg2 Nf5 10. Nc3 Nge7 11. Qb3 O-O 12. Qxb7 a6 13. e3 Qd7 14. Qb3 Rfb8
15. Qc2 Nh6 16. e4 Nf7 17. Be3 Rb7 18. Na4 Qb5 19. b3 Rc8 20. Nc5 Rbb8 21. Rfc1
Bxc5 22. Bxc5 Nd6 23. Bh3 Rd8 24. Be3 Ng6 25. f3 Rb7 26. Bf1 Qa5 27. Bc5 Nb5
28. Qc4 Qd2 29. Rc2 Qg5 30. Bg2 Nd6 31. Qxa6 h5 32. Bxd6 Rb6 33. Qe2 cxd6 34.
Qd2 Qxd2 35. Rxd2 Rc8 36. Bf1 h4 37. Bc4 Kf7 38. a4 Ra8 39. a5 Rbb8 40. Rda2
hxg3 41. hxg3 Nf8 42. Ra4 Nd7 43. b4 Ra7 44. Bf1 Rba8 45. Bb5 Ke7 46. Bxd7 Kxd7
47. b5 Rb8 48. Rb4 Kd8 49. Kf2 Kd7 50. Ke3 Rc8 51. Kd3 Rb8 52. b6 Ra6 53. Kc4
Kc8 54. Kb5 Kb7 55. Rc4 1-0

[Event "Open Integrale Autunno"]
[Site "Milano ITA"]
[Date "2015.10.08"]
[Round "8"]
[White "Nicolo', Filippo"]
[Black "Mei, Gianluca"]
[WhiteElo "2030"]
[BlackElo "1843"]
[Result "1-0"]
[PlyCount "49"]
[EventDate "2015.09.15"]

1. e4 e6 2. d4 d5 3. exd5 exd5 4. c4 Nf6 5. Nc3 Bb4 6. Bg5 O-O 7. Nf3 Nbd7 8.
cxd5 Nb6 9. Bd3 Nbxd5 10. O-O Be7 11. h3 c6 12. Rc1 Be6 13. Re1 Re8 14. Ne5 Nd7
15. Bxe7 Rxe7 16. a3 N7f6 17. Ne4 Nxe4 18. Bxe4 Nf6 19. Bxc6 bxc6 20. Nxc6 Qd7
21. d5 Nxd5 22. Nxe7+ Qxe7 23. Qxd5 Bxd5 24. Rxe7 a5 25. Ra7 1-0

[Event "Open Integrale Autunno"]
[Site "Milano ITA"]
[Date "2015.10.08"]
[Round "8"]
[White "Paolillo, Giampiero"]
[Black "Arena, Ignazio"]
[WhiteElo "1797"]
[BlackElo "1490"]
[Result "1/2-1/2"]
[PlyCount "171"]
[EventDate "2015.09.15"]

1. e4 c5 2. Nf3 Nc6 3. d4 cxd4 4. Nxd4 e5 5. Nb5 Nf6 6. Bg5 d6 7. N1c3 a6 8.
Bxf6 gxf6 9. Na3 f5 10. Bd3 Nd4 11. exf5 Nxf5 12. Nd5 Nd4 13. c3 Nc6 14. Qf3
Bg7 15. Nc4 h5 16. h3 Be6 17. Be4 Na5 18. Nce3 Rc8 19. O-O Nc4 20. Rfd1 Nxe3
21. Nxe3 Bf8 22. Bxb7 Rb8 23. Bc6+ Bd7 24. Nf5 Qc7 25. Bxd7+ Qxd7 26. Nxd6+
Bxd6 27. Qf6 Rg8 28. Qxd6 Qxd6 29. Rxd6 Rxb2 30. Rxa6 Ke7 31. Rd1 Rc2 32. Rd3
Rc1+ 33. Kh2 Rc2 34. Re3 f6 35. Rf3 Rg6 36. a4 e4 37. Rg3 Rg5 38. Rxg5 fxg5 39.
Rg6 Rxf2 40. Rxg5 Kf6 41. Rg3 Kf5 42. Rg8 Kf4 43. Kg1 Ke3 44. Rg3+ Ke2 45. a5
Rf1+ 46. Kh2 e3 47. Rg8 Kd2 48. Rd8+ Kxc3 49. Rc8+ Kd2 50. Rd8+ Ke1 51. Kg3 Rf7
52. a6 Kf1 53. Rd1+ Ke2 54. Ra1 Ra7 55. Ra2+ Kd3 56. Kf3 Rf7+ 57. Kg3 e2 58.
Ra3+ Kc4 59. Re3 Kb5 60. Rxe2 Kxa6 61. Re5 Rg7+ 62. Kh2 Rh7 63. Kg3 Rg7+ 64.
Kf3 Rh7 65. Kf4 Kb6 66. Rg5 Kc6 67. Kg3 h4+ 68. Kg4 Kd6 69. Rh5 Rg7+ 70. Kxh4
Rxg2 71. Rf5 Ke6 72. Rf3 Rg1 73. Kh5 Rg2 74. h4 Rg1 75. Kh6 Rg2 76. h5 Rg1 77.
Kh7 Ke7 78. h6 Rg2 79. Ra3 Kf8 80. Ra7 Rg1 81. Rg7 Ra1 82. Ra7 Rg1 83. Ra8+ Kf7
84. Kh8 Rg2 85. h7 Rg1 86. Rg8 1/2-1/2

[Event "Open Integrale Autunno"]
[Site "Milano ITA"]
[Date "2015.10.08"]
[Round "8"]
[White "Pasini, Nicolo'"]
[Black "Mina, N. Mina"]
[WhiteElo "1862"]
[BlackElo "2166"]
[Result "0-1"]
[PlyCount "31"]
[EventDate "2015.09.15"]

1. e4 c5 2. Nf3 d6 3. d4 cxd4 4. Nxd4 Nf6 5. Nc3 a6 6. Bc4 e6 7. Bb3 Nbd7 8. f3
Nc5 9. Be3 Qc7 10. Qe2 b5 11. O-O-O b4 12. Na4 Bd7 13. e5 dxe5 14. Nxc5 Bxc5
15. Qc4 exd4 16. Bxd4 0-1

[Event "Open Integrale Autunno"]
[Site "Milano ITA"]
[Date "2015.10.08"]
[Round "8"]
[White "Pelizzola, Danilo"]
[Black "Cantoro, Daniele"]
[WhiteElo "2041"]
[BlackElo "2130"]
[Result "0-1"]
[PlyCount "68"]
[EventDate "2015.09.15"]

1. e4 c5 2. Nf3 Nc6 3. d4 cxd4 4. Nxd4 Nf6 5. Nc3 e5 6. Ndb5 d6 7. Nd5 Nxd5 8.
exd5 Nb8 9. c4 Be7 10. Be2 O-O 11. O-O a6 12. Nc3 f5 13. Qc2 Nd7 14. f4 Bf6 15.
Rb1 exf4 16. Bxf4 Ne5 17. b4 Re8 18. Bd3 Ng4 19. Nd1 g6 20. h3 Ne5 21. Kh1 b5
22. Ne3 Nxd3 23. Qxd3 g5 24. Bh2 f4 25. Nc2 bxc4 26. Qxc4 Bf5 27. Qb3 Rc8 28.
Rbc1 Rc3 29. Qa4 Re2 30. Na3 Be4 31. Rxc3 Bxg2+ 32. Kg1 Bxc3 33. Qxa6 Bd4+ 34.
Rf2 Rxf2 0-1

[Event "Open Integrale Autunno"]
[Site "Milano ITA"]
[Date "2015.10.08"]
[Round "8"]
[White "Silari, Andrea"]
[Black "Mingolla, Patrizio"]
[WhiteElo "1698"]
[BlackElo "1641"]
[Result "1-0"]
[PlyCount "119"]
[EventDate "2015.09.15"]

1. c4 Nf6 2. g3 e5 3. Bg2 g6 4. Nf3 d6 5. d3 Bg7 6. Nc3 c6 7. O-O O-O 8. Rb1
Be6 9. b4 e4 10. Ng5 exd3 11. Nxe6 fxe6 12. Qxd3 Qc7 13. Rd1 d5 14. cxd5 exd5
15. Bf4 Qf7 16. Bd6 Re8 17. h3 Nbd7 18. b5 Ne5 19. Bxe5 Rxe5 20. bxc6 bxc6 21.
Qa6 Qe8 22. e3 Rxe3 23. fxe3 Qxe3+ 24. Kh2 Qxc3 25. Rdc1 Qe5 26. Qxc6 Rf8 27.
Re1 Ne4 28. Bxe4 dxe4 29. Rxe4 Rf2+ 30. Kh1 Qxg3 31. Re8+ Bf8 32. Qe6+ Kg7 33.
Rb7+ Kh6 34. Qe3+ Qxe3 35. Rxe3 Bc5 36. Rc3 Bb6 37. a4 Ra2 38. Rc4 Ra3 39. Kg2
Ra2+ 40. Kg3 Ra3+ 41. Kg4 Ra2 42. Rd7 Rg2+ 43. Kf3 Rf2+ 44. Kg3 Rf5 45. Rh4+
Rh5 46. Rxh5+ Kxh5 47. Rxh7+ Kg5 48. h4+ Kf6 49. Rd7 Kf5 50. a5 Be3 51. Rf7+
Ke6 52. Rf3 Bd2 53. a6 Ba5 54. Kg4 Bb6 55. Rf8 Ke7 56. Rb8 Bf2 57. Kg5 Kf7 58.
Rb7+ Ke6 59. Kxg6 Bxh4 60. Rxa7 1-0

[Event "Open Integrale Autunno"]
[Site "Milano ITA"]
[Date "2015.10.08"]
[Round "8"]
[White "Spada, Maurizio"]
[Black "Figini, Vittorio"]
[WhiteElo "1611"]
[BlackElo "1473"]
[Result "1-0"]
[PlyCount "53"]
[EventDate "2015.09.15"]

1. e4 c5 2. Nc3 d6 3. f4 Nc6 4. Nf3 a6 5. Bc4 e6 6. a3 Be7 7. O-O b5 8. Ba2 Nf6
9. e5 dxe5 10. fxe5 Nd7 11. Qe1 Qc7 12. Qg3 O-O 13. d3 Re8 14. Bf4 Nf8 15. Ne4
Ng6 16. Nd6 Rd8 17. Bg5 f6 18. Nxc8 Qxc8 19. exf6 gxf6 20. Rae1 Kh8 21. Bxe6
Qb7 22. Bh6 Bd6 23. Qf2 Qc7 24. Nh4 Rf8 25. Nf5 Rf7 26. Bxf7 Qxf7 27. Nxd6 1-0

[Event "C.to Italiano U16 femminile"]
[Site "Montesilvano ITA"]
[Date "2015.06.29"]
[Round "1"]
[White "Gueci, Tea"]
[Black "Capaliku, Margeri"]
[WhiteElo "2171"]
[BlackElo "1523"]
[Result "1-0"]
[PlyCount "85"]
[EventDate "2015.06.29"]

1. e4 e5 2. Nf3 Nc6 3. Bb5 a6 4. Ba4 Bc5 5. c3 b5 6. Bc2 d6 7. O-O Nf6 8. Qe2
O-O 9. Rd1 h6 10. d3 Re8 11. h3 Bb7 12. Nbd2 Qd7 13. Nf1 Rad8 14. Ng3 Ne7 15.
Nh4 Bb6 16. Qf3 Qe6 17. Ngf5 Nxf5 18. Nxf5 Nh7 19. h4 d5 20. h5 dxe4 21. Qg4
Ng5 22. Bxg5 hxg5 23. Qxg5 Qf6 24. Qxf6 gxf6 25. dxe4 Bc8 26. Ne7+ Kg7 27. Rxd8
Rxd8 28. Nxc8 Rxc8 29. Kf1 Rd8 30. Rd1 Rxd1+ 31. Bxd1 c5 32. Be2 Kh6 33. Ke1 a5
34. g4 b4 35. Bc4 Kg7 36. Kd2 Bc7 37. Kc2 Bd6 38. Kb3 Kg8 39. Ka4 Bc7 40. Kb5
bxc3 41. bxc3 Bd8 42. Kxc5 Kg7 43. Kb5 1-0

[Event "C.to Italiano U16 femminile"]
[Site "Montesilvano ITA"]
[Date "2015.06.29"]
[Round "1"]
[White "Pistis, Laura"]
[Black "Di Benedetto, Desiree"]
[WhiteElo "1503"]
[BlackElo "2114"]
[Result "0-1"]
[PlyCount "54"]
[EventDate "2015.06.29"]

1. e4 e6 2. d4 d5 3. e5 c5 4. c3 Qb6 5. Nf3 Bd7 6. Qc2 Nc6 7. Be3 cxd4 8. cxd4
Nb4 9. Qd2 Ba4 10. b3 Rc8 11. Nc3 Bd7 12. Be2 Ne7 13. O-O Nf5 14. Na4 Bxa4 15.
bxa4 Nc6 16. Rab1 Qc7 17. Rfc1 Be7 18. Bb5 O-O 19. Bxc6 bxc6 20. Qd3 c5 21.
dxc5 Nxe3 22. Qxe3 Bxc5 23. Qd3 Qe7 24. Rb3 Bxf2+ 25. Kxf2 Rxc1 26. Qe3 Rc2+
27. Kg3 Rxa2 0-1

[Event "C.to Italiano U16 femminile"]
[Site "Montesilvano ITA"]
[Date "2015.06.30"]
[Round "2"]
[White "Copponi, Alice"]
[Black "Gueci, Tea"]
[WhiteElo "1566"]
[BlackElo "2171"]
[Result "0-1"]
[PlyCount "65"]
[EventDate "2015.06.29"]

1. d4 g6 2. c4 Bg7 3. Nc3 Nf6 4. Nf3 d6 5. Bg5 O-O 6. e3 Nc6 7. Be2 h6 8. Bxf6
exf6 9. O-O f5 10. h3 g5 11. Nh2 Re8 12. Qd2 Ne7 13. Rfd1 c6 14. Rac1 Ng6 15.
Bh5 Qf6 16. b3 Bd7 17. c5 d5 18. Ne2 Re7 19. Rc2 Rae8 20. b4 Nh4 21. g3 Ng6 22.
a3 f4 23. exf4 gxf4 24. Nxf4 Nxf4 25. Qxf4 Qxf4 26. gxf4 Bxh3 27. Bf3 Re1+ 28.
Rxe1 Rxe1+ 29. Nf1 Bxf1 30. Rd2 Be2+ 31. Kg2 Bxf3+ 32. Kxf3 Re4 33. f5 0-1

[Event "C.to Italiano U16 femminile"]
[Site "Montesilvano ITA"]
[Date "2015.06.30"]
[Round "2"]
[White "Di Benedetto, Desiree"]
[Black "Pizzicotti, Virginia"]
[WhiteElo "2114"]
[BlackElo "1655"]
[Result "1-0"]
[PlyCount "49"]
[EventDate "2015.06.29"]

1. e4 c5 2. Nf3 d6 3. Bb5+ Bd7 4. Bxd7+ Nxd7 5. O-O Ngf6 6. Qe2 Qc7 7. c4 g6 8.
b3 Bg7 9. Bb2 O-O 10. d4 Nh5 11. d5 Ne5 12. Nxe5 dxe5 13. g3 Rad8 14. Nc3 a6
15. Rad1 Bh6 16. Rfe1 Ng7 17. Na4 Rb8 18. Ba3 b6 19. b4 Rfc8 20. bxc5 bxc5 21.
Rb1 Qa5 22. Qc2 Bd2 23. Red1 Bb4 24. Bb2 f6 25. a3 1-0

[Event "C.to Italiano U16 femminile"]
[Site "Montesilvano ITA"]
[Date "2015.07.01"]
[Round "3"]
[White "Bizzarro, Sofia"]
[Black "Di Benedetto, Desiree"]
[WhiteElo "1843"]
[BlackElo "2114"]
[Result "1/2-1/2"]
[PlyCount "106"]
[EventDate "2015.06.29"]

1. e4 e6 2. d4 d5 3. e5 c5 4. c3 Nc6 5. Nf3 Bd7 6. a3 f6 7. exf6 Nxf6 8. b4
cxd4 9. cxd4 Bd6 10. Bb2 O-O 11. Bd3 Qc7 12. Nbd2 e5 13. dxe5 Nxe5 14. Be2 Rae8
15. O-O Nxf3+ 16. Nxf3 Bg4 17. h3 Bh5 18. Bxf6 Rxf6 19. Qxd5+ Bf7 20. Qd1 Bf4
21. Bd3 Rd8 22. Qc2 Rc6 23. Qb1 Kh8 24. Be4 Rh6 25. Rd1 Re8 26. Bf5 Rd6 27.
Rxd6 Qxd6 28. Qd3 Qf6 29. Rd1 b6 30. Be4 h6 31. b5 Qe7 32. Bc6 Rg8 33. Qd7 Qf6
34. Qxa7 Bb3 35. Re1 Rb8 36. g3 Bd6 37. Qd7 Rf8 38. Re8 Bxa3 39. Rxf8+ Bxf8 40.
Nh4 Bf7 41. Qf5 Qxf5 42. Nxf5 g6 43. Ne3 Kg7 44. Kg2 Kf6 45. f4 Ke7 46. Nd5+
Bxd5+ 47. Bxd5 Kf6 48. Kf3 g5 49. Kg4 gxf4 50. gxf4 Bd6 51. f5 Bb4 52. Be6 Ba3
53. Kh5 Bc1 1/2-1/2

[Event "C.to Italiano U16 femminile"]
[Site "Montesilvano ITA"]
[Date "2015.07.01"]
[Round "3"]
[White "Gueci, Tea"]
[Black "Baronio, Gaia"]
[WhiteElo "2171"]
[BlackElo "1771"]
[Result "1-0"]
[PlyCount "67"]
[EventDate "2015.06.29"]

1. e4 c6 2. d4 d5 3. e5 Bf5 4. c3 e6 5. Be3 Nd7 6. Qb3 Qb6 7. Nd2 Ne7 8. f4 Bg6
9. Ngf3 Qxb3 10. axb3 c5 11. dxc5 Nf5 12. Bf2 Bxc5 13. Bb5 Bxf2+ 14. Kxf2 a6
15. b4 Rd8 16. Be2 O-O 17. g4 Ne7 18. Nd4 Rc8 19. N2b3 Rfd8 20. Na5 Rc7 21. Ke3
h6 22. Rhf1 Be4 23. Ra3 Nb8 24. Nab3 Nd7 25. b5 axb5 26. Nxb5 Rcc8 27. Nd6 Rb8
28. Nd4 Nc8 29. Nxe4 dxe4 30. Kxe4 Nc5+ 31. Ke3 Ne7 32. c4 Nc6 33. Nb5 b6 34.
Rc1 1-0

[Event "C.to Italiano U16 femminile"]
[Site "Montesilvano ITA"]
[Date "2015.07.01"]
[Round "4"]
[White "Colasante, Marianna"]
[Black "Gueci, Tea"]
[WhiteElo "1712"]
[BlackElo "2171"]
[Result "0-1"]
[PlyCount "112"]
[EventDate "2015.06.29"]

1. d4 Nf6 2. c4 c5 3. d5 e6 4. Nc3 exd5 5. cxd5 d6 6. e4 g6 7. Nf3 Bg7 8. Bb5+
Nbd7 9. O-O O-O 10. Bf4 Qe7 11. Re1 Nh5 12. Bg3 Nxg3 13. hxg3 Ne5 14. Nxe5 Bxe5
15. a4 h5 16. f4 Bd4+ 17. Kf1 h4 18. Qf3 Kg7 19. Bd3 Rh8 20. Ke2 Qf6 21. Kd2
Bd7 22. Bc2 Rab8 23. Rh1 a6 24. gxh4 Rxh4 25. g3 Rhh8 26. b3 b5 27. axb5 axb5
28. Rab1 c4 29. bxc4 Bg4 30. Qxg4 Be3+ 31. Kxe3 Qxc3+ 32. Kf2 Qxc2+ 33. Qe2
Rh2+ 34. Rxh2 Qxb1 35. Qe1 Qb2+ 36. Qe2 bxc4 37. Kf3 Rb3+ 38. Kg4 Qc3 39. Rg2
Rb8 40. Qc2 Qb4 41. Re2 c3 42. Re3 Rc8 43. Kf3 Qb2 44. Re2 Qa1 45. e5 Qh1+ 46.
Rg2 dxe5 47. d6 e4+ 48. Kxe4 Qe1+ 49. Kf3 Qf1+ 50. Rf2 Qh1+ 51. Rg2 Qh5+ 52. g4
Qd5+ 53. Kf2 Qxd6 54. Kf3 Rc4 55. f5 Qf4+ 56. Ke2 Re4+ 0-1

[Event "C.to Italiano U16 femminile"]
[Site "Montesilvano ITA"]
[Date "2015.07.01"]
[Round "4"]
[White "Di Benedetto, Desiree"]
[Black "Baronio, Gaia"]
[WhiteElo "2114"]
[BlackElo "1771"]
[Result "1-0"]
[PlyCount "63"]
[EventDate "2015.06.29"]

1. e4 c6 2. d4 d5 3. Nd2 dxe4 4. Nxe4 Bf5 5. Ng3 Bg6 6. h4 h6 7. Bc4 e6 8. N1e2
Nf6 9. Nf4 Bh7 10. Ngh5 Nbd7 11. c3 Nxh5 12. Nxh5 Nf6 13. O-O Bg6 14. Nf4 Bf5
15. Bd3 Bxd3 16. Nxd3 Bd6 17. Qf3 O-O 18. Bd2 Nd7 19. Qg4 Nf6 20. Qh3 Qc7 21.
g4 Ne4 22. Be3 Qe7 23. f3 Nf6 24. g5 Nd5 25. Bd2 h5 26. f4 Qc7 27. c4 Ne7 28.
c5 Nf5 29. cxd6 Qxd6 30. Bc3 Nxd4 31. Bb4 Ne2+ 32. Kh2 1-0

[Event "C.to Italiano U16 femminile"]
[Site "Montesilvano ITA"]
[Date "2015.07.02"]
[Round "5"]
[White "Bizzarro, Sofia"]
[Black "Colasante, Marianna"]
[WhiteElo "1843"]
[BlackElo "1712"]
[Result "1/2-1/2"]
[PlyCount "74"]
[EventDate "2015.06.29"]

1. e4 e5 2. Nf3 Nc6 3. Bc4 Bc5 4. c3 Nf6 5. d3 d6 6. O-O O-O 7. Be3 Bb6 8. Nbd2
Be6 9. Bb3 Re8 10. Re1 h6 11. Bc2 d5 12. Bxb6 axb6 13. exd5 Bxd5 14. Nf1 e4 15.
dxe4 Bxe4 16. Bxe4 Nxe4 17. Qc2 Nd6 18. Ne3 Ne5 19. Nd4 Nec4 20. Nxc4 Nxc4 21.
a3 Qd7 22. h3 Rxe1+ 23. Rxe1 Re8 24. Rd1 Nd6 25. c4 Qe7 26. b4 Qe4 27. Qc3 c5
28. bxc5 bxc5 29. Nb3 Qxc4 30. Qxc4 Nxc4 31. Nxc5 b5 32. Rb1 Nxa3 33. Rb3 Re1+
34. Kh2 Ra1 35. Ne4 Kf8 36. Nc3 Ke8 37. Nxb5 Nxb5 1/2-1/2